| 000 | 00690cam a22002291 4500 | ||
|---|---|---|---|
| 001 | sa 68004855 | ||
| 003 | DLC | ||
| 005 | 20260227112504.0 | ||
| 008 | 720131s1966 pk 00000 eng | ||
| 010 | _asa 68004855 //r91 | ||
| 025 | _aPL480:P-E-1111 | ||
| 040 |
_aDLC _cDLC _dDLC |
||
| 041 | 1 | _aengchi | |
| 050 | 0 | 0 |
_aPL2658.E1 _bA9 |
| 082 | 0 | 0 | _a895.1/08/005 |
| 245 | 0 | 0 |
_aAutumn harvest; _bselections from contemporary creative writings of the People's Republic of China. _cEditors: Afro-Asian Book Club. |
| 250 | _a[1st ed. | ||
| 260 | 0 |
_aLahore, _c1966] |
|
| 300 |
_a320 p. _c18 cm. |
||
| 650 | 0 |
_aChinese literature _xTranslations into English. |
|
| 710 | 2 | 0 | _aAfro-Asian Book Club. |
| 999 |
_c80395 _d80395 |
||